Mathematical methods in science and engineering

Wedi'i Gadw mewn:
Manylion Llyfryddiaeth
Prif Awdur:  Bayin, Ş. Selçuk
Fformat: Sách
Iaith:Undetermined
Cyhoeddwyd:  John Wiley & Son  2006
Pynciau:
Tagiau: Ychwanegu Tag
Dim Tagiau, Byddwch y cyntaf i dagio'r cofnod hwn!
Thư viện lưu trữ: Trung tâm Thư viện - Trường Đại học Công nghiệp TP. Hồ Chí Minh
LEADER 00496nam a2200157Ia 4500
001 UIH_04138
008 231011s9999 xx 000 0 und d
082 |a  530.15 
100 |a  Bayin, Ş. Selçuk 
245 0 |a  Mathematical methods in science and engineering 
245 0 |c  Bayin, Ş. Selçuk 
260 |b  John Wiley & Son 
260 |c  2006 
650 |a  Vật lý;  
927 |a Sách 
980 |a Trung tâm Thư viện - Trường Đại học Công nghiệp TP. Hồ Chí Minh